We the kids : (Record no. 8020)

MARC details
000 -LEADER
fixed length control field 01005nam a22003137a 4500
001 - CONTROL NUMBER
control field 8020
003 - CONTROL NUMBER IDENTIFIER
control field FISKH
005 - DATE AND TIME OF LATEST TRANSACTION
control field 20250909120446.0
008 - FIXED-LENGTH DATA ELEMENTS--GENERAL INFORMATION
fixed length control field 250819b cb ||||| |||| 00| 0 eng d
020 ## - INTERNATIONAL STANDARD BOOK NUMBER
International Standard Book Number 9780142402764
020 ## - INTERNATIONAL STANDARD BOOK NUMBER
International Standard Book Number 051488006992
040 ## - CATALOGING SOURCE
Original cataloging agency FISKH
Language of cataloging eng
Transcribing agency FISKH
Modifying agency FISKH
050 ## - LIBRARY OF CONGRESS CALL NUMBER
Classification number KF4550.Z9 C38
082 ## - DEWEY DECIMAL CLASSIFICATION NUMBER
Classification number 342.7302
100 ## - MAIN ENTRY--PERSONAL NAME
Personal name Catrow, David
Dates associated with a name (1952-)
245 ## - TITLE STATEMENT
Title We the kids :
Remainder of title The preamble to the constitution of the United States /
Statement of responsibility, etc. Illustrations and Foreword by David Catrow
250 ## - EDITION STATEMENT
Edition statement This edition first published in 2002
260 ## - PUBLICATION, DISTRIBUTION, ETC.
Place of publication, distribution, etc. New York :
Name of publisher, distributor, etc. Puffin,
Date of publication, distribution, etc. 2002
300 ## - PHYSICAL DESCRIPTION
Extent 22 unnumbered pages :
Other physical details color illustrations ;
Dimensions 28 cm
505 ## - FORMATTED CONTENTS NOTE
Formatted contents note E<br/>
520 ## - SUMMARY, ETC.
Summary, etc. An illustrated preamble to the Constitution of the United States.<br/>
521 8# - TARGET AUDIENCE NOTE
Target audience note 250<br/>
Source Lexile<br/>
521 8# - TARGET AUDIENCE NOTE
Target audience note E<br/>
Source Raz-Plus<br/>
650 ## - SUBJECT ADDED ENTRY--TOPICAL TERM
Source of heading or term Preamble
Topical term or geographic name entry element Constitution
650 ## - SUBJECT ADDED ENTRY--TOPICAL TERM
Source of heading or term American history
Topical term or geographic name entry element Informational
700 ## - ADDED ENTRY--PERSONAL NAME
Personal name Catrow, David
Dates associated with a name illustrator
942 ## - ADDED ENTRY ELEMENTS (KOHA)
Source of classification or shelving scheme Dewey Decimal Classification
Koha item type Books
Suppress in OPAC No
Holdings
Withdrawn status Lost status Source of classification or shelving scheme Damaged status Not for loan Collection Home library Current library Shelving location Date acquired Total Checkouts Full call number Barcode Date last seen Copy number Price effective from Koha item type
    Dewey Decimal Classification     Juvenile Fiction Footprints International School Library Network Toul Tom Poung Campus Footprints International School Library Network Toul Tom Poung Campus TTP Primary Green Bookshelves 08/19/2025   CAT 342.7302 KF4550.Z9 C38 FISTK02667 08/19/2025 1 08/19/2025 Books
    Dewey Decimal Classification     Juvenile Fiction Footprints International School Library Network Toul Tom Poung Campus Footprints International School Library Network Toul Tom Poung Campus TTP Primary Green Bookshelves 09/09/2025   CAT 342.7302 KF4550.Z9 C38 FIS04722 09/09/2025 2 09/09/2025 Books